<?xml version="1.0" encoding="UTF-8"?><?xml-stylesheet type="text/xsl" href="static/style.xsl"?><OAI-PMH xmlns="http://www.openarchives.org/OAI/2.0/" xmlns:xsi="http://www.w3.org/2001/XMLSchema-instance" xsi:schemaLocation="http://www.openarchives.org/OAI/2.0/ http://www.openarchives.org/OAI/2.0/OAI-PMH.xsd"><responseDate>2026-04-26T21:59:12Z</responseDate><request verb="GetRecord" identifier="oai:uvadoc.uva.es:10324/7472" metadataPrefix="marc">https://uvadoc.uva.es/oai/request</request><GetRecord><record><header><identifier>oai:uvadoc.uva.es:10324/7472</identifier><datestamp>2025-01-31T07:28:47Z</datestamp><setSpec>com_10324_38</setSpec><setSpec>col_10324_787</setSpec></header><metadata><record xmlns="http://www.loc.gov/MARC21/slim" xmlns:doc="http://www.lyncode.com/xoai" xmlns:xsi="http://www.w3.org/2001/XMLSchema-instance" xmlns:dcterms="http://purl.org/dc/terms/" xsi:schemaLocation="http://www.loc.gov/MARC21/slim http://www.loc.gov/standards/marcxml/schema/MARC21slim.xsd">
<leader>00925njm 22002777a 4500</leader>
<datafield tag="042" ind1=" " ind2=" ">
<subfield code="a">dc</subfield>
</datafield>
<datafield tag="720" ind1=" " ind2=" ">
<subfield code="a">Tufano, Aniello</subfield>
<subfield code="e">author</subfield>
</datafield>
<datafield tag="260" ind1=" " ind2=" ">
<subfield code="c">2013</subfield>
</datafield>
<datafield tag="520" ind1=" " ind2=" ">
<subfield code="a">Medida de los fenoles totales, la capacidad antioxidante y&#xd;
antirradicalaria de las setas comestibles Clitocybe geotropa,&#xd;
Hygrophorus gliocyclus, Clitocybe alexandrii, mediante los métodos&#xd;
Folin–Ciocalteau, CUPRAC y DPPH y estudio de la degradación a diferentes temperaturas y tiempos de los&#xd;
fenoles totales y pérdida de la capacidad antioxidante y antirradicalaria&#xd;
de, Clitocybe geotropa, Hygrophorus gliocyclus, Clitocybe alexandrii,&#xd;
mediante los métodos Folin–Ciocalteau, CUPRAC y DPPH.</subfield>
</datafield>
<datafield tag="024" ind2=" " ind1="8">
<subfield code="a">http://uvadoc.uva.es/handle/10324/7472</subfield>
</datafield>
<datafield ind1=" " ind2=" " tag="653">
<subfield code="a">Hongos</subfield>
</datafield>
<datafield ind1=" " ind2=" " tag="653">
<subfield code="a">Farmacología</subfield>
</datafield>
<datafield tag="245" ind1="0" ind2="0">
<subfield code="a">Sensibilidad a la temperatura de los fenoles totales y de la capacidad antioxidante y antirradicalaria de los hongos comestibles Clitocybe geotropa, Hygrophorus gliocyclus y Clitocybe alexandrii</subfield>
</datafield>
</record></metadata></record></GetRecord></OAI-PMH>